000 00430nam a2200133Ia 4500
008 100328s9999 xx 000 0 und d
082 _b62889
100 _aदाभोलकर नरेंद्र.
245 _aठरल डोळस व्हायचय.
260 _bछाया.
630 _aठरल डोळस व्हायचय.
730 _aठरल डोळस व्हायचय.
942 _cBOOK
999 _c548825
_d548822